| Tag |
First Indicator |
Second Indicator |
Subfields |
| LEADER |
00000cam a2200000 a 4500 |
| 001 |
in00002785576 |
| 006 |
m o d |
| 007 |
cr cn||||||||| |
| 008 |
120608s2013 nyu ob 001 0 eng d |
| 005 |
20250816205648.4 |
| 010 |
|
|
|z 2012019757
|
| 020 |
|
|
|z 9780823242993 (cloth : alk. paper)
|
| 020 |
|
|
|z 9780823243006 (pbk. : alk. paper)
|
| 035 |
|
|
|a (CaPaEBR)ebr10611578
|
| 040 |
|
|
|a CaPaEBR
|c CaPaEBR
|d UtOrBLW
|
| 043 |
|
|
|a e------
|
| 050 |
1 |
4 |
|a HX44.5
|b .N53 2013eb
|
| 082 |
0 |
4 |
|a 335.43094
|2 23
|
| 100 |
1 |
|
|a Nikolchina, Miglena.
|
| 245 |
1 |
0 |
|a Lost unicorns of the velvet revolutions :
|b heterotopias of the seminar /
|c Miglena Nikolchina.
|
| 250 |
|
|
|a 1st ed.
|
| 264 |
|
1 |
|a New York :
|b Fordham University Press,
|c [2013]
|
| 264 |
|
4 |
|c ©2013
|
| 300 |
|
|
|a 1 online resource (173 pages)
|
| 336 |
|
|
|a text
|b txt
|2 rdacontent
|
| 337 |
|
|
|a computer
|b c
|2 rdamedia
|
| 338 |
|
|
|a online resource
|b cr
|2 rdacarrier
|
| 504 |
|
|
|a Includes bibliographical references and index.
|
| 505 |
0 |
|
|a Introduction -- The seminar : mode demploi : impure spaces in the light of late totalitarianism -- The west as intellectual utopia -- Between irony and revolution : sexual difference and the case of Aufhebung -- An unfinished project : man as comedy -- Addendum : the discretions of inverted theory -- Notes -- Works cited -- Index.
|
| 500 |
|
|
|a Electronic resource.
|
| 650 |
|
0 |
|a Communism
|z Europe
|x History
|y 20th century.
|
| 650 |
|
0 |
|a Communism and intellectuals.
|
| 655 |
|
7 |
|a Electronic books.
|2 local
|
| 710 |
2 |
|
|a ebrary, Inc.
|
| 856 |
4 |
0 |
|u https://ebookcentral.proquest.com/lib/tamucs/detail.action?docID=3239762
|y Connect to the full text of this electronic book
|t 0
|
| 980 |
|
|
|a 121127
|b 65
|c USD
|e 97.5
|f YBP_EBR0000047632
|g 1
|
| 999 |
f |
f |
|s ebb2ee78-f685-3b2f-ae96-697cf9328e22
|i 67fdde25-4e73-380f-9341-9e6fe6981115
|t 0
|
| 999 |
|
|
|a MARS
|
| 952 |
f |
f |
|a Texas A&M University
|b College Station
|c Electronic Resources
|d Available Online
|t 0
|e HX44.5 .N53 2013eb
|h Library of Congress classification
|
| 998 |
f |
f |
|a HX44.5 .N53 2013eb
|t 0
|l Available Online
|